Every The Weeknd Song - Albums Only (As of 04/28/2023) - Statistics

General Stats
  • This quiz has been taken 13 times
  • The average score is 66 of 108
Answer Stats
Album Song % Correct
Beauty Behind The Madness Can't Feel My Face
100%
Dawn FM Gasoline
100%
Starboy Starboy
100%
After Hours After Hours
89%
Dawn FM Best Friends
89%
After Hours Blinding Lights
89%
Dawn FM Dawn FM
89%
After Hours Faith
89%
Trilogy House Of Balloons / Glass Table Girls
89%
Beauty Behind The Madness In The Night
89%
Kiss Land Kiss Land
89%
Starboy Reminder
89%
Trilogy Thursday
89%
Beauty Behind The Madness Acquainted
78%
After Hours Alone Again
78%
Dawn FM A Tale By Quincy
78%
My Dear Melancholy, Call Out My Name
78%
After Hours Heartless
78%
Trilogy High For This
78%
Trilogy Loft Music
78%
Beauty Behind The Madness Prisoner
78%
Dawn FM Sacrifice
78%
Starboy Stargirl Interlude
78%
Dawn FM Take My Breath
78%
Beauty Behind The Madness Tell Your Friends
78%
Trilogy The Morning
78%
Beauty Behind The Madness Angel
67%
Trilogy Coming Down
67%
Trilogy D.D.
67%
Starboy Die For You
67%
Beauty Behind The Madness Earned It
67%
Starboy I Feel It Coming
67%
Dawn FM I Heard You're Married
67%
Dawn FM Less Than Zero
67%
Starboy Love To Lay
67%
Trilogy Montreal
67%
Beauty Behind The Madness Often
67%
Dawn FM Out of Time
67%
After Hours Repeat After Me
67%
Starboy Rockin'
67%
After Hours Save Your Tears
67%
Starboy Sidewalks
67%
Trilogy The Birds Pt. 1
67%
Trilogy The Birds Pt. 2
67%
Beauty Behind The Madness The Hills
67%
Trilogy The Party & The After Party
67%
Kiss Land The Town
67%
Kiss Land Wanderlust
67%
Trilogy Wicked Games
67%
Trilogy XO / The Host
67%
Kiss Land Adaptation
56%
Starboy A Lonely Night
56%
Kiss Land Belong To The World
56%
Trilogy Echoes Of Silence
56%
After Hours Escape From LA
56%
Dawn FM Every Angel Is Terrifying
56%
Starboy False Alarm
56%
Trilogy Gone
56%
Dawn FM Here We Go... Again
56%
Dawn FM How Do I Make You Love Me?
56%
My Dear Melancholy, Hurt You
56%
Trilogy Initiation
56%
After Hours In Your Eyes
56%
Dawn FM Is There Someone Else?
56%
Trilogy Life Of The Party
56%
Trilogy Lonely Star
56%
Beauty Behind The Madness Losers
56%
Trilogy Next
56%
Starboy Party Monster
56%
Kiss Land Professional
56%
Trilogy Rolling Stone
56%
Trilogy Same Old Song
56%
After Hours Snowchild
56%
Kiss Land Tears In The Rain
56%
Trilogy The Knowing
56%
Trilogy The Zone
56%
After Hours Too Late
56%
Starboy True Colors
56%
Trilogy Twenty Eight
56%
After Hours Until I Bleed Out
56%
Trilogy Valerie
56%
Starboy All I Know
44%
Beauty Behind The Madness As You Are
44%
After Hours Hardest To Love
44%
Trilogy Heaven Or Las Vegas
44%
My Dear Melancholy, I Was Never There
44%
Kiss Land Live For
44%
Kiss Land Love In The Sky
44%
Trilogy Outside
44%
Kiss Land Pretty
44%
My Dear Melancholy, Privilege
44%
Beauty Behind The Madness Real Life
44%
Starboy Six Feet Under
44%
Trilogy The Fall
44%
My Dear Melancholy, Try Me
44%
My Dear Melancholy, Wasted Times
44%
Trilogy What You Need
44%
Beauty Behind The Madness Dark Times
33%
Dawn FM Don't Break My Heart
33%
Starboy Nothing Without You
33%
Starboy Secrets
33%
Beauty Behind The Madness Shameless
33%
Dawn FM Starry Eyes
33%
Trilogy Till Dawn
33%
Starboy Attention
22%
Starboy Ordinary Life
22%
Dawn FM Phantom Regret by Jim
22%
After Hours Scared To Live
22%
No matching quizzes found
Score Distribution
Percent of People with Each Score
Percentile by Number Answered
Your Score History
You have not taken this quiz